| 000 | 00507nam a2200157Ia 4500 | ||
|---|---|---|---|
| 008 | 170221s9999 xx 000 0 und d | ||
| 100 | _aYue Wu | ||
| 245 | _aOptimizing Energy Allocation for Energy Harvesting Node with Hybrid ARQ | ||
| 245 | _cYue Wu, Lukman A. Olawoyin, and Hongwen Yang | ||
| 260 | _bJournal of Communications | ||
| 260 | _c2016 | ||
| 300 | _a11 : 4 | ||
| 650 | _xCommunication | ||
| 650 | _xMedia Arts | ||
| 856 | _uhttp://www.jocm.us/index.php?m=content&c=index&a=lists&catid=160 | ||
| 999 |
_c306856 _d306856 |
||